Music Quiz

Random Music or Clickable Quiz

5-Star Disney Songs - Renaissance Period Quiz Stats

 Plays Quiz not verified by Sporcle

Support Sporcle.
Go Orange.
Score 0/45 Timer 10:00
0 Plays Today
% Correct
Under the Sea
95.2%
Belle
94.2%
Arabian Nights
93.7%
Hakuna Matata
92.7%
Be Our Guest
92.7%
Circle of Life
92.3%
Gaston
91.7%
I Just Can't Wait to Be King
91.6%
A Whole New World
91.3%
Prince Ali
89.7%
Can You Feel the Love Tonight
88.9%
Colors of the Wind
88.5%
Kiss the Girl
87.7%
Part of Your World
85.7%
I'll Make a Man Out of You
81.8%
Just Around the Riverbend
80.3%
Zero to Hero
78.6%
Poor Unfortunate Souls
77%
Friend Like Me
76.9%
God Help the Outcasts
75.5%
A Girl Worth Fighting For
75%
Savages
74.6%
Go the Distance
70.8%
% Correct
You'll Be in My Heart
70.7%
Honor to Us All
70.6%
The Virginia Company
70.3%
Be Prepared
69.6%
Son of Man
69.3%
Reflection
67.6%
One Jump Ahead
64.7%
Something There
62.8%
Trashin' the Camp
61.6%
The Mob Song
61.6%
Les Poissons
60.8%
Two Worlds
60.2%
I Won't Say (I'm in Love)
59.7%
Hellfire
59.3%
The Gospel Truth
57.5%
Strangers Like Me
49.9%
Out There
44%
A Guy Like You
42.8%
Topsy Turvy
41.6%
True to Your Heart
41.3%
One Last Hope
37.6%
Mine, Mine, Mine
36.2%

You're not logged in!

Compare scores with friends on all Sporcle quizzes.
OR
Log In

From the Vault

Stop Arguing! You Are Both Right.

by gazzso

When it comes to arguing, say what you mean, but don't say it mean.
Remove Ads.
Support Sporcle.
Get the best of Sporcle when you Go Orange. This ad-free experience offers more features, more stats, and more fun while also helping to support Sporcle. Thank you for becoming a member.

Show Comments

Extras

Top Quizzes Today


Score Distribution

Your Account Isn't Verified!

In order to create a playlist on Sporcle, you need to verify the email address you used during registration. Go to your Sporcle Settings to finish the process.

Report this User

Report this user for behavior that violates our Community Guidelines.

Details: